| 000 | 01172cad a22002415a 4500 | ||
|---|---|---|---|
| 001 | E151524 | ||
| 008 | 101115s2010 xxk f s000 0 eng d | ||
| 020 | _a9781406169447 | ||
| 035 | _a(Sirsi) u151524 | ||
| 041 | 0 | _aeng | |
| 110 | 2 |
_aScotland _bScottish Government _95344 |
|
| 245 | 0 | 0 |
_aLong Leases (Scotland) Bill _bas introduced _h[electronic resource] |
| 260 |
_a[Edinburgh] _bScottish Parliamentary Corporate Body _c2010 |
||
| 490 | 0 |
_aSP Bill _v(61) |
|
| 520 | _aA Bill introduced on 10 November 2010 which will convert certain long leases into ownership, and as a consequence create separate tenements in relation to certain rights of game and fishing. Also provides for certain rights and obligations to be converted into real burdens, for former owners to be compensated, and allows tenants of qualifying long leases to opt out of conversion. | ||
| 521 | _aAdvanced | ||
| 590 | _aKA | ||
| 650 | 2 | 4 | _aLONG LEASES (SCOTLAND) BILL |
| 651 | 4 |
_aScotland _y1999- |
|
| 690 |
_aLandlord and tenant _96252 |
||
| 856 | 4 | 0 |
_uhttps://www.scottish.parliament.uk/s3/bills/61-LongLeases/index.htm _zView the Bill free of charge at www.scottish.parliament.uk |
| 942 | _n0 | ||
| 999 |
_c111421 _d111421 |
||